Censored: (Record no. 17826)

000 -LEADER
fixed length control field 00712nam a22001937a 4500
008 - FIXED-LENGTH DATA ELEMENTS--GENERAL INFORMATION
fixed length control field 110512t xxu||||| |||| 00| 0 eng d
040 ## - CATALOGING SOURCE
Original cataloging agency
050 ## - LIBRARY OF CONGRESS CALL NUMBER
Classification number BX 8765.5 .Z6
Item number W37
100 ## - MAIN ENTRY--PERSONAL NAME
Personal name Ward, C.M.
9 (RLIN) 1117
245 ## - TITLE STATEMENT
Title Censored:
Remainder of title five messages.
Statement of responsibility, etc Sermons C.M. Ward could not preach over the network.
246 ## - VARYING FORM OF TITLE
Title proper/short title Censored:
Remainder of title 5 messages.
260 ## - PUBLICATION, DISTRIBUTION, ETC. (IMPRINT)
Place of publication, distribution, etc Springfield, MO
Name of publisher, distributor, etc Assemblies of God
Date of publication, distribution, etc 1957
300 ## - PHYSICAL DESCRIPTION
Extent 48 p.
Dimensions 20 cm.
650 ## - SUBJECT ADDED ENTRY--TOPICAL TERM
Topical term or geographic name as entry element Assemblies of God
9 (RLIN) 1158
General subdivision Sermons.
650 ## - SUBJECT ADDED ENTRY--TOPICAL TERM
Topical term or geographic name as entry element Sermons, American
650 ## - SUBJECT ADDED ENTRY--TOPICAL TERM
Topical term or geographic name as entry element Bible
General subdivision Prophecies
-- Sermons.
9 (RLIN) 1195
942 ## - ADDED ENTRY ELEMENTS (KOHA)
Source of classification or shelving scheme
Item type Books
Copies
Koha item type Full call number Lost status Permanent location Shelving location Damaged status Date acquired Not for loan Barcode Price effective from Date last seen Current location Source of classification or shelving scheme Withdrawn status
BooksBX 8765.5 .Z6 W37 RHEMA Bible Training CollegeGeneral Stacks 2011-05-12 219752011-05-122011-09-06RHEMA Bible Training College